Pre 2000 Mount Rushmore for NBA Teams - Statistics

General Stats
  • This quiz has been taken 12 times
  • The average score is 63 of 116
Answer Stats
Team Position Answer % Correct
Celtics PF/SF Larry Bird
100%
Bulls SG Michael Jordan
100%
Bulls SF Scottie Pippen
100%
Bulls PF Dennis Rodman
90%
Pistons PF/SF Dennis Rodman
90%
Hawks SF Dominique Wilkins
90%
Rockets C Hakeem Olajuwon
90%
Celtics SG/SF John Havlicek
90%
Nets SF Julius Erving
90%
76ers/Nationals SF Julius Erving
90%
Jazz PF Karl Malone
90%
Thunder (SuperSonics) PG Lenny Wilkens
90%
Lakers G/PF Magic Johnson
90%
Rockets C Moses Malone
90%
76ers/Nationals C Moses Malone
90%
Knicks C Patrick Ewing
90%
Warriors C Wilt Chamberlain
90%
76ers/Nationals C Wilt Chamberlain
90%
Celtics C Bill Russell
80%
76ers/Nationals PF/SF Charles Barkley
80%
Suns PF Charles Barkley
80%
Hawks C Dikembe Mutombo
80%
Nuggets C Dikembe Mutombo
80%
Wizards/Bullets PF Gus Johnson
80%
Pistons PG Isiah Thomas
80%
Jazz PG John Stockton
80%
Lakers C Kareem Abdul-Jabbar
80%
Bucks C Kareem Abdul-Jabbar
80%
Suns PG Kevin Johnson
80%
Hornets PF Larry Johnson
80%
Bucks SG/SF Marques Johnson
80%
Nuggets SF Alex English
70%
Cavaliers SG Austin Carr
70%
Rockets SG Clyde Drexler
70%
Trail Blazers SG Clyde Drexler
70%
Nuggets SG David Thompson
70%
Lakers PG/SG Jerry West
70%
Mavericks SG/SF Jim Jackson
70%
Pistons SG Joe Dumars
70%
Timberwolves PF/SF Kevin Garnett
70%
Celtics PF Kevin McHale
70%
Bulls Coach Phil Jackson
70%
Pacers SG Reggie Miller
70%
Warriors SF Rick Barry
70%
Magic C Shaquille O'Neal
70%
Spurs PF Tim Duncan
70%
Trail Blazers C Bill Walton
60%
Clippers/Braves C Bob McAdoo
60%
Cavaliers C Brad Daugherty
60%
Spurs C David Robinson
60%
Mavericks PG/SG Derek Harper
60%
Cavaliers PG Mark Price
60%
Bucks PG Oscar Robertson
60%
Kings/Royals PG Oscar Robertson
60%
Clippers/Braves SG Ron Harper
60%
Raptors SF Vince Carter
60%
Knicks PG Walt Frazier
60%
Warriors SG/SF Chris Mullin
50%
Knicks PF Dave DeBusschere
50%
Hornets SG Dell Curry
50%
Magic SF Dennis Scott
50%
Wizards/Bullets PF Elvin Hayes
50%
Thunder (SuperSonics) PG Gary Payton
50%
Thunder (SuperSonics) PF/C Jack Sikma
50%
Cavaliers PF Larry Nance
50%
Hawks SG/SF Lou Hudson
50%
Mavericks SF Mark Aguirre
50%
Jazz C Mark Eaton
50%
Magic PG/SG Penny Hardaway
50%
Bucks PG/SG Sidney Moncrief
50%
Warriors PG Tim Hardaway
50%
Heat PG Tim Hardaway
50%
Knicks PF/C Willis Reed
50%
Heat C Alonzo Mourning
40%
Pistons C Bob Lanier
40%
Hawks PF Bob Pettit
40%
Nets PF Buck Williams
40%
Nuggets C Dan Issel
40%
Lakers SF Elgin Baylor
40%
Spurs SG/SF George Gervin
40%
Hornets PG Muggsy Bogues
40%
Kings/Royals PG Nate Archibald
40%
Magic SG/SF Nick Anderson
40%
Mavericks SG Rolando Blackman
40%
Grizzlies PF/SF Shareef Abdur-Rahim
40%
Thunder (SuperSonics) PF Shawn Kemp
40%
Trail Blazers PG Terry Porter
40%
Raptors SF Tracy McGrady
40%
Raptors PG Damon Stoudamire
30%
Pacers PF George McGinnis
30%
Hornets SF Glen Rice
30%
Heat SF Glen Rice
30%
Trail Blazers SF Jerome Kersey
30%
Kings/Royals SG Mitch Richmond
30%
Jazz SG Pete Maravich
30%
Rockets PF/SF Rudy Tomjanovich
30%
Wizards/Bullets C Wes Unseld
30%
Suns PF/C Alvan Adams
20%
Grizzlies C Bryant Reeves
20%
Timberwolves PF/C Christian Laettner
20%
Clippers/Braves PF Danny Manning
20%
Pacers C Mel Daniels
20%
Pacers SF Roger Brown
20%
Spurs SF Sean Elliott
20%
Timberwolves PG Stephon Marbury
20%
Timberwolves PF/SF Tom Gugliotta
20%
Nets SG Drazen Petrovic
10%
Kings/Royals SG/SF Jack Twyman
10%
Grizzlies PG Mike Bibby
10%
Suns PG/SG Paul Westphal
10%
Wizards/Bullets SG Phil Chenier
10%
Heat C Rony Seikaly
10%
Nets PG Bill Melchionni
0%
Grizzlies SG/SF Blue Edwards
0%
Raptors SG/SF Doug Christie
0%
Clippers/Braves PF Loy Vaught
0%
No matching quizzes found
Score Distribution
Percent of People with Each Score
Percentile by Number Answered
Your Score History
You have not taken this quiz